Részletek a berlini csatából N. Satyilov: Egy haditudósító naplójából /
Elmentve itt :
| Szerző: | |
|---|---|
| Dokumentumtípus: | Cikk |
| Megjelent: |
1950
|
| Sorozat: | Honvéd : katonai folyóirat
5 No. 6-7 |
| Kulcsszavak: | Hadtudomány |
| Online Access: | http://misc.bibl.u-szeged.hu/14577 |
| LEADER | 00608nab a2200169 i 4500 | ||
|---|---|---|---|
| 001 | misc14577 | ||
| 005 | 20191106141738.0 | ||
| 008 | 170607s1950 hu o 0|| hun d | ||
| 040 | |a SZTE Miscellanea Repozitórium |b hun | ||
| 041 | |a hun | ||
| 100 | 1 | |a Satyilov N. | |
| 245 | 1 | 0 | |a Részletek a berlini csatából |h [elektronikus dokumentum] : |b N. Satyilov: Egy haditudósító naplójából / |c Satyilov N. |
| 260 | |c 1950 | ||
| 300 | |a 117-120 | ||
| 490 | 0 | |a Honvéd : katonai folyóirat |v 5 No. 6-7 | |
| 695 | |a Hadtudomány | ||
| 856 | 4 | 0 | |u http://misc.bibl.u-szeged.hu/14577/1/honved_005_006_007_117-120.pdf |z Dokumentum-elérés |